[Event "FIDE World Cup"]
[Site "Khanty-Mansiysk"]
[Date "2011.09.11"]
[Round "5.3"]
[White "Navara, David"]
[Black "Grischuk, Alexander"]
[Result "0-1"]
[WhiteElo "2722"]
[BlackElo "2746"]
[PlyCount "86"]
[EventDate "2011.08.28"]
[EventType "k.o."]
[EventRounds "7"]
[EventCountry "RUS"]
[SourceTitle "CBM 145"]
[Source "ChessBase"]
[SourceDate "2011.11.11"]
[SourceVersion "1"]
[SourceVersionDate "2011.11.11"]
[SourceQuality "1"]

1. e4 c6 2. d4 d5 3. e5 Bf5 4. Nd2 e6 5. Nb3 Nd7 6. Nf3 a6 7. Be3 Rc8 8. c3 c5
9. dxc5 Bxc5 10. Nxc5 Nxc5 11. Be2 Ne7 12. Nh4 h6 13. Nxf5 Nxf5 14. Bxc5 Rxc5
15. Bd3 d4 16. Qa4+ b5 17. Qxa6 Rxe5+ 18. Kf1 O-O 19. Bxb5 dxc3 20. bxc3 Qd2
21. Be2 Qxc3 22. Re1 Rd8 23. h4 Ng3+ 24. fxg3 Rf5+ 25. Kg1 Qxe1+ 26. Kh2 Qa5
27. Qc4 Qc5 28. Qb3 Rf2 29. Bf3 Qc2 30. Qb6 Rf8 31. Be4 Qxa2 32. Rd1 Rd2 33.
Rf1 Qb2 34. Qc5 Rdd8 35. Qe7 Qd4 36. Bb1 Qd6 37. Qb7 Rb8 38. Qe4 f5 39. Qe3 Rb4
40. Kh3 Kh8 41. Ba2 Re4 42. Qf3 Qe5 43. Qa3 Rb8 0-1

[Event "FIDE World Cup"]
[Site "Khanty-Mansiysk"]
[Date "2011.09.11"]
[Round "5.4"]
[White "Grischuk, Alexander"]
[Black "Navara, David"]
[Result "1/2-1/2"]
[WhiteElo "2746"]
[BlackElo "2722"]
[PlyCount "138"]
[EventDate "2011.08.28"]
[EventType "k.o."]
[EventRounds "7"]
[EventCountry "RUS"]
[SourceTitle "CBM 145"]
[Source "ChessBase"]
[SourceDate "2011.11.11"]
[SourceVersion "1"]
[SourceVersionDate "2011.11.11"]
[SourceQuality "1"]

1. d4 Nf6 2. Nf3 e6 3. c4 Bb4+ 4. Bd2 a5 5. g3 d6 6. Bg2 Nbd7 7. O-O e5 8. e3
c6 9. Nh4 Nb6 10. a3 Bxd2 11. Nxd2 O-O 12. b4 exd4 13. exd4 d5 14. c5 Nc4 15.
Qc2 Be6 16. Nhf3 Re8 17. Rfe1 h6 18. h3 Qc8 19. Nxc4 dxc4 20. Ne5 axb4 21. axb4
Rxa1 22. Rxa1 Bxh3 23. Qxc4 Be6 24. Qd3 Bd5 25. b5 Qd8 26. bxc6 Bxg2 27. Kxg2
Qd5+ 28. Qf3 Qxd4 29. Re1 bxc6 30. Nxc6 Qxc5 31. Rxe8+ Nxe8 32. Nd8 Qe7 33. Nc6
Qd6 34. Na5 Nf6 35. Nc4 Qd4 36. Ne3 g6 37. Nc2 Qe5 38. Ne3 h5 39. Nc4 Qd4 40.
Ne3 Kg7 41. Nc2 Qe5 42. Ne3 Ne4 43. Nc4 Qd4 44. Ne3 Qe5 45. Nc4 Qe6 46. Ne3 Kh7
47. Kg1 Ng5 48. Qd5 Qf6 49. Kg2 Ne6 50. Qf3 Kg7 51. Qxf6+ Kxf6 52. f4 Nd4 53.
Kf2 Nf5 54. Nd5+ Ke6 55. Nc3 Kd6 56. Kf3 Kc5 57. Ne4+ Kd5 58. Ng5 Nd4+ 59. Ke3
Nf5+ 60. Kf3 Nd6 61. f5 gxf5 62. Nh3 Ke5 63. Nf4 Nb5 64. Nxh5 Nd4+ 65. Ke3 Ne6
66. Kf3 f6 67. Ke3 Ng5 68. Nf4 Ne4 69. Nd3+ Ke6 1/2-1/2

[Event "FIDE World Cup"]
[Site "Khanty-Mansiysk"]
[Date "2011.09.12"]
[Round "6.1"]
[White "Grischuk, Alexander"]
[Black "Ivanchuk, Vassily"]
[Result "1/2-1/2"]
[WhiteElo "2746"]
[BlackElo "2768"]
[PlyCount "43"]
[EventDate "2011.08.28"]
[EventType "k.o."]
[EventRounds "7"]
[EventCountry "RUS"]
[SourceTitle "CBM 145"]
[Source "ChessBase"]
[SourceDate "2011.11.11"]
[SourceVersion "1"]
[SourceVersionDate "2011.11.11"]
[SourceQuality "1"]

1. e4 e6 2. d4 d5 3. Nc3 dxe4 4. Nxe4 Nd7 5. Nf3 Ngf6 6. Nxf6+ Nxf6 7. c3 Be7
8. Qa4+ Bd7 9. Qb3 Qc8 10. Ne5 O-O 11. Be2 Rd8 12. Bf3 Rb8 13. O-O Be8 14. Bf4
Nd7 15. Nd3 Bd6 16. Bg5 f6 17. Be3 Bf7 18. Rad1 e5 19. Bd5 Bxd5 20. Qxd5+ Kh8
21. dxe5 Nxe5 22. Nxe5 1/2-1/2

[Event "FIDE World Cup"]
[Site "Khanty-Mansiysk"]
[Date "2011.09.13"]
[Round "6.2"]
[White "Ivanchuk, Vassily"]
[Black "Grischuk, Alexander"]
[Result "1/2-1/2"]
[WhiteElo "2768"]
[BlackElo "2746"]
[PlyCount "85"]
[EventDate "2011.08.28"]
[EventType "k.o."]
[EventRounds "7"]
[EventCountry "RUS"]
[SourceTitle "CBM 145"]
[Source "ChessBase"]
[SourceDate "2011.11.11"]
[SourceVersion "1"]
[SourceVersionDate "2011.11.11"]
[SourceQuality "1"]

1. Nf3 d5 2. d4 Nf6 3. c4 e6 4. Bg5 Bb4+ 5. Nc3 dxc4 6. e4 c5 7. e5 cxd4 8.
Nxd4 Qa5 9. exf6 Bxc3+ 10. bxc3 Qxg5 11. fxg7 Qxg7 12. Qd2 O-O 13. Bxc4 Rd8 14.
Qe3 Bd7 15. O-O Nc6 16. Nf3 Ne7 17. Ne5 Ng6 18. f4 Rac8 19. Be2 Bc6 20. Bf3 Bd5
21. Kh1 b6 22. a4 h6 23. Rae1 Nxe5 24. fxe5 Qg5 25. Qf2 Bc4 26. h4 Qg7 27. Re4
Bxf1 28. Rg4 Bd3 29. Rxg7+ Kxg7 30. Bb7 Bf5 31. Bxc8 Rxc8 32. Qd4 h5 33. Kh2
Rc5 34. c4 Ra5 35. Qd7 Rc5 36. Qd4 Ra5 37. Qd8 Bg4 38. Kg3 Rxa4 39. Qc7 a5 40.
Qxb6 Rxc4 41. Qxa5 Bf5 42. Qd8 Rg4+ 43. Kf2 1/2-1/2

[Event "FIDE World Cup"]
[Site "Khanty-Mansiysk"]
[Date "2011.09.14"]
[Round "6.3"]
[White "Grischuk, Alexander"]
[Black "Ivanchuk, Vassily"]
[Result "1-0"]
[WhiteElo "2746"]
[BlackElo "2768"]
[Annotator "Marin,M"]
[PlyCount "87"]
[EventDate "2011.08.28"]
[EventType "k.o."]
[EventRounds "7"]
[EventCountry "RUS"]
[SourceTitle "CBM 145"]
[Source "ChessBase"]
[SourceDate "2011.11.11"]
[SourceVersion "1"]
[SourceVersionDate "2011.11.11"]
[SourceQuality "1"]

1. e4 e6 2. d4 d5 3. e5 c5 4. c3 Nc6 5. Nf3 Bd7 6. Be2 ({It is curious that
there are many games which went} 6. dxc5 Bxc5 7. Bd3 Nge7 8. O-O {, reaching
the same position as after 9...Nfe7, but... with Black to move! This means
that Ivanchuk's 7...Nf5 is inaccurate, as it basically loses a tempo.}) 6...
Nge7 7. O-O Nf5 {Black has increased his pressure against d4 almost to the
maximum. He threatens ...cxd4 followed by ...Qb6, when the pawn would be in
real danger. White has nothing left apart from switching to one of
Nimzovitsch'' methods: clearing the d4-square for his pieces, aiming for a
dark-squared blockade.} 8. dxc5 Bxc5 9. Bd3 Nfe7 10. Nbd2 Ng6 11. Nb3 Bb6 12.
Re1 Qb8 $146 {Black's new target has become e5.} (12... Bc7 13. Bg5 Qb8 14. Nc5
Bc8 15. Bxg6 fxg6 16. Nd4 Nxd4 17. cxd4 $14 {Schlawin,M (2302)-Visser,Y (2480)/
Germany 2006/EXT 2006 (0-1, 41)}) 13. Qe2 Bc7 14. Bxg6 {A forced exchange,
which, however, has the merit of increasing White's overall control on the
dark squares.} hxg6 {Threatening ...Rh5, which would endanger the e5-pawn.} (
14... fxg6 15. Nc5 Bc8 $6 16. Ng5 $36) 15. h4 Rh5 16. Bg5 {White has managed
to consolidate. In order to give meaning to his previous play, Black has to
simplify to a slightly worse ending.} Nxe5 17. Nxe5 Bxe5 18. Qxe5 Qxe5 19. Rxe5
f6 20. Re3 fxg5 21. hxg5 Rxg5 22. Nc5 $14 {Retrieving the pawn is a matter of
time, and Black's structure will remain weakened after that anyway.} O-O-O {
Ivanchuk continues simplifying up to a somewhat unpleasant, but basically
drawn double-rook ending. This should objectively be correct, but in a rapid
game holding a draw may be less easy than expected.} (22... e5 23. f4 (23. Nxb7
Bc6 {looks a bit messy.}) 23... Rh5 24. Rxe5+ Rxe5 25. fxe5 Ke7 26. Nb3 Bf5 27.
Nd4 Be4 $14) 23. Nxe6 Bxe6 24. Rxe6 d4 $1 25. cxd4 Rxd4 26. Rae1 Rd7 27. g3 a6
28. R1e2 Rf7 29. Rc2+ Kd7 30. Rb6 Kd8 31. Kg2 Ra5 32. a3 g5 33. Rd6+ Ke7 34.
Rc7+ Kxd6 35. Rxf7 Rb5 36. b4 a5 37. bxa5 Ke6 38. Rxg7 Rxa5 39. Kh3 Kf6 40.
Rxb7 Rxa3 41. Kg4 Ra4+ 42. Kh5 g4 $2 {A fatal mistake.} (42... Ra2 $1 {should
draw.}) 43. Rb6+ $1 Kf5 44. Rb8 {Black will lose his pawn and the game.} 1-0

[Event "FIDE World Cup"]
[Site "Khanty-Mansiysk"]
[Date "2011.09.14"]
[Round "6.4"]
[White "Ivanchuk, Vassily"]
[Black "Grischuk, Alexander"]
[Result "1-0"]
[WhiteElo "2768"]
[BlackElo "2746"]
[Annotator "Marin,M"]
[PlyCount "83"]
[EventDate "2011.08.28"]
[EventType "k.o."]
[EventRounds "7"]
[EventCountry "RUS"]
[SourceTitle "CBM 145"]
[Source "ChessBase"]
[SourceDate "2011.11.11"]
[SourceVersion "1"]
[SourceVersionDate "2011.11.11"]
[SourceQuality "1"]

1. c4 c5 2. Nf3 Nc6 3. d4 cxd4 4. Nxd4 e6 (4... Nf6 {may be more flexible,
with chances to "persuade" White to transpose to the main lines after} 5. Nc3
e6 6. g3 Qb6 {and so on.}) 5. g3 ({In order to understand the peculiarities
induced by delaying the queen knight's development, we should refer to the
similar lines after} 5. Nc3 Nf6 6. g3 Qb6 7. Nc2 $6 {Under the given
circumstances, this knight retreat is not popular and rightly so. Black has
more than one way to achieve strong counterplay.} Ne5 (7... d5 {is also good.
Accepting the sacrifice is dangerous, while otherwise the threat of ...d4 is
very strong with the knight on c3.} 8. cxd5 exd5 9. Bg2 d4 $36 10. Nxd4 $2 {
does not work out well with the king in the centre, because after} Nxd4 11. Be3
Bc5 12. Na4 {Black has} Qa5+) 8. b3 Nfg4 {In the game, this knight will be too
far from delivering this unpleasant attack.} 9. Ne3 (9. e3 Qc6 10. e4 Bc5 {
Oppezzo,S-Bronstein,L (2425)/Buenos Aires 1993/EXT 2000 (0-1, 67)}) 9... Bb4 {
And once again the white knight is exposed.} 10. Bd2 Nxe3 11. fxe3 Bxc3 12.
Bxc3 Qxe3 13. Bxe5 Qxe5 $17 {Jedynak,R (2543)-Jakubowski,K (2458)/Czechia 2008/
EXT 2009 (1/2, 28)}) 5... Qb6 6. Nc2 Ne5 (6... d5 $6 $146 {is not effective
with the knight on b1 yet. White will castle first and only then start
attacking the Isolani.} 7. cxd5 exd5 8. Bg2 Nf6 9. O-O Be7 10. Nc3 $14 d4 11.
Nxd4 $1 Nxd4 (11... Qxd4 $2 12. Bxc6+) 12. Be3 $16 Bc5 $140 13. Na4) 7. b3 Qc6
(7... Ng4 {is less effective than ...Nf6-g4 from the main lines (a resource
that is not available here). The main difference is that the pressure against
the f3-square is released, allowing} 8. e3 {, for instance} Qc6 9. f3 {/\Nd4,
fxg4} Ne5 10. Bg2 $16 {Black's initiative has been extinguished and White
maintains his space advantage and better development.}) 8. f3 Nf6 9. Bb2 {
We can see one more positive effect of delaying Nb1-c3: the last developing
move attacks the enemy knight.} Qc7 10. Nc3 a6 {Black has nothing better than
transposing to some sort of Hedgehog position.} 11. f4 $5 $146 {A very
aggressive approach. White prepares a massive kingside attack. Despite having
played g2-g3 on the fifth move, he abandoned the plan of developing his bishop
to g2 completely.} (11. Bg2 d6 12. f4 Ng6 13. O-O {Yermolinsky,A (2590)-De
Firmian,N (2565)/USA 1994/CBM 044/[Stohl] (1-0, 49)}) 11... Ng6 ({The active} 
11... Neg4 {is likely to bring in some material gain, but only at the cost of
neglecting the overall development very badly.} 12. e4 $1 (12. h3 Qc6 13. Rg1
Qb6 14. Rg2 Ne3 $132) 12... Bc5 13. Qf3 Nf2 (13... Bf2+ $2 14. Kd2 {/\e5
leaves Black's pieces hanging.}) 14. b4 Ba7 15. e5 Ng8 (15... N6g4 16. c5 $16)
16. Rg1 Nd1 {Otherwise, the whole attacking operation would end in a fiasco.}
17. Rxd1 Bxg1 18. Ne4 $40 {White is fully mobilised and ready to go for the
poorly defended enemy king.}) 12. e4 d6 13. Qf3 b6 14. O-O-O {More than a
Hedgehog, this looks like becoming a Sicilian with castling on opposite sides.}
Bb7 15. Kb1 Be7 16. g4 $1 {The better developed player is bound to attack,
under the threat of losing his advantage, something Steinitz would agree with.}
({Preparing this action by over-defending f4 with} 16. Bd3 O-O 17. Rhf1 {
would allow Black launching his counterplay in time with} Rfc8 18. g4 b5 19.
cxb5 d5 $44) 16... e5 $6 {Strategically, this is wrong, but Black has a
difficult choice already. As we will see, occupying the f4-square will not
compensate for giving away the more important d5-square.} ({The other way to
attack f4 would be} 16... d5 {, but with his development incomplete Black
cannot entirely justify this opening of the centre:} 17. exd5 (17. e5 $2 d4)
17... Qxf4 18. Qxf4 Nxf4 19. g5 $36 Ng4 {This certainly looks risky, but
otherwise Black would be just worse.} 20. Bc1 Ng6 (20... e5 21. Re1 $16) 21.
Rg1 Nxh2 22. Be2 $16) (16... O-O {would run into White's attack:} 17. g5 Nd7
18. h4 f5 $5 {The only attempt to avoid being pushed back to the wall.} 19. Nd5
$1 exd5 20. exd5 {Threatening to retrieve the piece with h4-h5, but also to
invade the e6-square with the c2-knight.} Rf7 21. h5 Ngf8 22. h6 $40) 17. g5
Nd7 18. f5 Nf4 19. Rg1 g6 20. Ne3 Nc5 21. h4 Bc6 22. Rg4 $5 {Maximalistic play.
In the fight for the central squares, rooks are of little use and Ivanchuk
decides to give up one of them in order to eliminate Black's most active piece.
} ({There was nothing wrong with} 22. Ned5 Nxd5 23. Nxd5 Bxd5 24. Rxd5 $16 {
though.}) 22... Qb7 23. Rxf4 $5 exf4 24. Ned5 $16 {With no space for his
pieces and no safe way of castling, Black is helpless despite his slight
material advantage.} O-O-O (24... a5 25. Nb5 {[%csl Gh8]} Bxd5 26. exd5 O-O 27.
f6 Bd8 28. Nxd6 $18) (24... O-O 25. b4 {Black has similar problems of
coordination as in the game, only that the final attack is likely to take part
on the other wing.}) 25. b4 {Black cannot save his pieces.} Na4 (25... Bxd5 26.
Nxd5 Na4 27. Bxh8 Rxh8 28. Qb3 b5 29. cxb5 axb5 30. Rc1+ Kb8 31. Rc7 $18) 26.
Nxa4 Bxa4 27. Rc1 $3 {A simple, but very strong move. White removes the rook
from the atatcked square (the only justification of the bishop's presence on
a4) and prepares b4-b5, when the opening of the c-file will have disastrous
consequences for Black.} Kb8 (27... Rhe8 28. b5 $1 $18 {[%csl Ga4]}) (27... Bc6
28. b5 Bxd5 29. cxd5+ Kb8 30. bxa6 Qd7 31. Rc6 $18 {There is nothing wrong
with taking on h8 at some point, but maybe the bishop will prove useful for
the attack!?}) 28. b5 $1 {Trapping the bishop.} gxf5 (28... axb5 29. cxb5 Rc8
30. Bxh8 Rxh8 31. Rc7 $18) 29. Qa3 fxe4 30. bxa6 Qxa6 31. Nxe7 $18 {White has
got a material advantage already, while Black's pieces are still hanging.} Qa7
(31... Rhe8 32. Nc6+ $1 $18) 32. Bxh8 Rxh8 33. Qxd6+ Qc7 34. Qf6 Rd8 35. Nd5
Qd6 36. Qxf4 Qxf4 37. Nxf4 Rd2 38. Be2 Rd4 39. Nd5 Kb7 40. Rf1 Rd2 41. Rxf7+
Ka6 42. a3 1-0

[Event "FIDE World Cup"]
[Site "Khanty-Mansiysk"]
[Date "2011.09.14"]
[Round "6.5"]
[White "Grischuk, Alexander"]
[Black "Ivanchuk, Vassily"]
[Result "1-0"]
[WhiteElo "2746"]
[BlackElo "2768"]
[Annotator "Marin,M"]
[PlyCount "69"]
[EventDate "2011.08.28"]
[EventType "k.o."]
[EventRounds "7"]
[EventCountry "RUS"]
[SourceTitle "CBM 145"]
[Source "ChessBase"]
[SourceDate "2011.11.11"]
[SourceVersion "1"]
[SourceVersionDate "2011.11.11"]
[SourceQuality "1"]

1. e4 e6 2. d4 d5 3. e5 c5 4. c3 Nc6 5. Nf3 Bd7 6. Be2 Nge7 7. O-O Ng6 {
Unlike 7...Nf5, as played in the previous French game of the match, this does
not put pressure on d4. Black clears the e7-square for the bishop and prepares
to break up the enemy centre with ...f6. The presence of the knight on g6 is
obviously useful for this plan. Therefore, White immediately takes measures to
force it to retreat.} 8. g3 (8. Be3 Be7 9. Nbd2 O-O 10. a3 a5 11. Bd3 {1/2
Kononenko,D (2449)-Sumets,A (2473)/Alushta 2003/CBM 096 ext}) 8... Be7 9. h4
O-O ({Knowing White's plan based on dxc5, it makes sense investigating} 9...
cxd4 10. cxd4 O-O 11. h5 Nh8 12. h6 g6 13. Nbd2 ({Once the c3-square has been
cleared,} 13. Nc3 {looks logical, but the knight cannot get into the fight for
the critical dark squares easily.} f6 14. exf6 Bxf6 15. Be3 Nf7 16. Nh2 Nd6 17.
g4 $6 Bg5 $36 {Lederer,Y (2300)-Psakhis,L (2575)/Kfar Sava 1993/EXT 2002 (0-1,
44)}) 13... f6 14. exf6 Bxf6 15. Nb3 {We can see now the point behind Nbd2:
the exchange in the centre has ensured the knight's stability on b3. The
permanent threat of Nc5 is a bit annoying for Black.} Nf7 16. Nh2 (16. Bf4 $2
g5 {/\ Nh6 Hjartarson}) (16. Be3 Nd6 $15 {Hjartarson}) 16... Nd6 17. Bg4 Rc8 (
17... b6 $142 {Hjartarson}) 18. Nf3 $14 {Hjartarson,J (2535)-Kortschnoj,V 
(2615)/Amsterdam 1991/CBM 023 (1/2, 44)}) 10. h5 Nh8 11. dxc5 (11. h6 {is more
popular, but it makes sense to delay this thematic pawn advance.} g6 12. dxc5
f6 $5 (12... Bxc5 13. b4 Be7 14. b5 Na5 15. Be3 {Li,Z (1907)-Zhang Xiaowen 
(2389)/Hefei 2011/ (1-0, 56)}) 13. exf6 Bxc5 $1 14. Bg5 Nf7 $13 {Timman,J 
(2650)-Nikolic,P (2641)/Amsterdam 1999/CBM 073/[Psakhis] (1/2, 41)}) 11... Bxc5
(11... f6 $6 {does not work out well now, because of} 12. exf6 $16 {Zude,A 
(2395)-Ellers,H (2405)/Germany 1997/GER-chT (1-0, 27) , when the g7-pawn is
attacked, thus preventing ...Bxc5.}) 12. b4 $146 {Starting to fight for the
d4-square, although he will not get to occupy it.} (12. c4 {switching to play
on the light squares seems to offer Black counterchances:} f6 13. h6 g6 14.
cxd5 Nxe5 $13 {Timman,J (2650)-Ljubojevic,L (2570)/Amsterdam 1999/CBM 073/
[Psakhis] (1-0, 35)}) 12... Be7 13. b5 Na5 14. h6 f5 {In a wider sense, we can
claim that this is a novelty, too.} (14... g6 {transposes to the game Li,Z 
(1907)-Zhang Xiaowen (2389)/Hefei 2011/ (1-0, 56) above.}) 15. hxg7 Kxg7 $14 {
Black's kingside is weak and his pieces are displayed all over the board
without the needed harmony. Even though he is slightly underdeveloped, White
is in time to consolidate his advantage.} 16. Kg2 Ng6 17. Rh1 Rf7 18. Bh6+ Kh8
19. Nbd2 Qc7 20. Rc1 Rg8 21. c4 d4 22. Bd3 {So far, Grischuk has played very
well, but starting with this moment, the game goes Ivanchuk's way. Not until
the end, though...} ({Black is well regrouped on the kingside so that time had
come to switch to other parts of the board.} 22. Nb3 Nxb3 23. axb3 Qc5 24. Qxd4
Qxd4 25. Nxd4 Nxe5 26. c5 $16) 22... b6 23. Nxd4 Qxe5 24. N2f3 Qc7 25. Ng5 Bxg5
26. Bxg5 e5 $132 27. Qh5 (27. Nb3 Nxb3 28. axb3 Nf4+ $1 29. gxf4 exf4 30. Qh5
Rfg7 31. Kf1 Be8 $132) 27... Bc8 28. c5 $6 {This sacrifice is not entirely
sound, but this is not easy to prove in rapid games.} exd4 29. cxb6 Bb7+ $2 {
This intermediate check takes the essential b7-square from the queen.} (29...
Qxb6 $1 30. Rc6 Qb7 $1) 30. Kg1 $2 {[%csl Gh1]} (30. f3 $1 $16 Qxb6 $2 (30...
Qe5 31. bxa7 $16) 31. Rc6 Bxc6 32. Bf6+ $1) 30... Qe5 $17 {[%csl Gh1]} 31. Rc7
Rxc7 32. bxc7 Rg7 (32... Bxh1 $5 $17) 33. Rh2 $2 (33. c8=Q+ Bxc8 34. Bh6 $132)
33... Rxc7 $4 (33... f4 $1 $19) 34. Qxg6 $18 Rc1+ $6 {He had planned this one
move earlier already.} 35. Bxc1 1-0

[Event "FIDE World Cup"]
[Site "Khanty-Mansiysk"]
[Date "2011.09.14"]
[Round "6.6"]
[White "Ivanchuk, Vassily"]
[Black "Grischuk, Alexander"]
[Result "1/2-1/2"]
[WhiteElo "2768"]
[BlackElo "2746"]
[PlyCount "86"]
[EventDate "2011.08.28"]
[EventType "k.o."]
[EventRounds "7"]
[EventCountry "RUS"]
[SourceTitle "CBM 145"]
[Source "ChessBase"]
[SourceDate "2011.11.11"]
[SourceVersion "1"]
[SourceVersionDate "2011.11.11"]
[SourceQuality "1"]

1. c4 Nf6 2. Nf3 e6 3. g3 d5 4. Bg2 dxc4 5. Qa4+ c6 6. Qxc4 b5 7. Qc2 Bb7 8.
O-O Nbd7 9. a4 a6 10. Nc3 Rc8 11. d3 Be7 12. e4 O-O 13. Be3 Ng4 14. Bf4 Ngf6
15. Rfd1 Qb6 16. a5 Qa7 17. e5 Nd5 18. Nxd5 cxd5 19. Qe2 d4 20. h4 Qa8 21. Ne1
Bxg2 22. Nxg2 Qd5 23. Re1 h6 24. Qg4 Kh7 25. Re2 Rc6 26. Ne1 Rfc8 27. Nf3 f5
28. Qh5 Kg8 29. Nh2 Nc5 30. Rd1 Nxd3 31. Bxh6 gxh6 32. Qg6+ Kf8 33. Qxh6+ Ke8
34. Red2 Nxe5 35. Rxd4 Nf7 36. Qh7 Qe5 37. Nf3 Qh8 38. Qg6 Qh6 39. Qg8+ Qf8 40.
Qh7 Qh6 41. Qg8+ Qf8 42. Qh7 Qh6 43. Qg8+ Qf8 1/2-1/2